| 000 | 02563nam a22003857a 4500 | ||
|---|---|---|---|
| 001 | 42835 | ||
| 003 | gtgccic | ||
| 005 | 20251013121127.0 | ||
| 007 | ta | ||
| 008 | 251013b gt ||||| |||| 00| 0 spa d | ||
| 040 |
_agtgccic _bspa _cgtgccic _erda |
||
| 084 | _0TPI-14-0062 | ||
| 100 | 1 | 0 |
_aPedro Baudiliio Castro Aguirre _dIngeniero Civil _eautor |
| 245 | 1 | 0 |
_aDiseño de alcantillas transversales en vías terrestres para soportar el arrastre de materiales por fenómenos naturales en el estacionamiento 90+222, Tecpán, Chimaltenango, para cuencas con área ideal, utilizando el método racional / _cCastro Aguirre, Pedro Baudilio |
| 264 | 1 |
_aGuatemala, Guatemala : _bUSAC, Facultad de Ingeniería ; _c2014.- |
|
| 300 |
_axxvi, 93 p. : _bil. ; _c27 cm |
||
| 336 |
_2rdacontenido _aTexto _btxt |
||
| 337 |
_2rdamedio _asin mediación _bn |
||
| 338 |
_2rdasoporte _avolumen _bnc |
||
| 502 |
_aTesis Postgrado _bMAESTRO EN INGENIERÍA VIAL _cUSAC, Facultad de Ingeniería, Escuela de Postgrado _d2014 _oTPI-14-0062 |
||
| 504 | _aBibliografía pag. 79 | ||
| 505 | _t1. USO DE ALCANTARILLAS DE GRAN TAMAÑO | ||
| 505 | _t2. FACTORES QUE SE CONSIDERAN PARA EL DISEÑO DE ALCANTARILLA | ||
| 505 | _t3. DISEÑO DE ALCANTARILLAS DE GRAN TAMAÑO UTILIZANDO FACTORES EXTRAS POR CAMBIO DE USO DEL SUELO | ||
| 505 | _t4. PROCESO CONSTRUCTIVO PARA LA INSTALACIÓN DE TUBERÍAS DE DIÁMETROS MAYORES | ||
| 505 | _t5. EJEMPLO DE APLICACIÓN | ||
| 505 | _t6. PRESENTACIÓN Y ANÁLISIS DE RESULTADOS | ||
| 520 | 3 | _bLa falta de prevención para cubrir desastres naturales por cambios climáticos, es evidente en los países altamente vulnerables, como el caso particular de Guatemala, la poca cultura de los habitantes en el manejo de los bosques, cultivos adyacentes y uso de la tierra dentro de las cuencas, han producido el colapso de las carreteras al provocar taponamientos en las tuberías cuando el material de arrastre se aloja en estas, las cuales no fueron diseñadas para el paso de materiales diferentes al agua. Por tal razón se analizó un ejemplo típico de esta problemática en donde los materiales de arrastre que llegan a una alcantarilla, ubicada en la estación 90 + 222, de la Ruta Interamericana Occidente, jurisdicción de Tecpán, Chimaltenango, ocasionaron el colapso de la estructura de pavimento, debido a la obstrucción del flujo de agua por la tubería. | |
| 650 | _aCUENCAS | ||
| 650 | _aOLEODUCTOS | ||
| 650 | _aDRENAJES | ||
| 700 |
_aMSc. Ing. Carlos Arnoldo Morales Rosales _easesor |
||
| 942 |
_2ddc _cTPS |
||
| 945 | _aamlo | ||
| 999 |
_c2306 _d2306 |
||